00800nam a2200157 a 4500008004100000050001500041100001600056245003100072246006600103350000900169700001800178995014000196995014000336995014900476999001700625120416s9999 xx |||||||||||||| || u aTH 145 Gib aDrury, F. E10aBuilding science, book III aa course of experimental science for junior building students a0.00 aGibbins, S. C aBINDERY (DAMAGED)D0.00e718122FCBU-MAIN LIBRARY (Kitwe)H3I1.68jTH 145 GibM3UDAMAGEDy015030ZMain Library Open Access Collection aBINDERY (DAMAGED)D0.00e718121FCBU-MAIN LIBRARY (Kitwe)H1I1.68jTH 145 GibM2UDAMAGEDy015029ZMain Library Open Access Collection aMAIN LIBRARY OPEN ACCESSD0.00e015028FCBU-MAIN LIBRARY (Kitwe)H2I1.68jTH 145 GibM1UAVAILABLEy015028ZMain Library Open Access Collection c78943d78943